| 000 | 00711nam a2200217 u 4500 | ||
|---|---|---|---|
| 005 | 20210223133236.0 | ||
| 008 | 100602s2008 mx r 000 0 spa d | ||
| 020 | _a9789708101264 | ||
| 035 | _aUPN01000217110 | ||
| 049 | _aI | ||
| 050 | 4 |
_aQB983 _bH3.3 |
|
| 100 | 1 |
_aHawking, Lucy, _d1970- _932733 |
|
| 245 | 1 | 3 |
_aLa clave secreta del universo : _b[imágenes] / _cLucy Hawking, Stephen Hawking. |
| 260 |
_aMéxico : _bMontena, |
||
| 300 |
_a32 p. : _bprincipalmente il. col. |
||
| 500 | _aDatos tomados de la cubierta | ||
| 650 | 4 |
_aCOSMOLOGIA - _vLITERATURA JUVENIL _917401 |
|
| 650 | 4 |
_aESPACIO EXTERIOR - _vLITERATURA JUVENIL _98398 |
|
| 700 | 1 |
_aHawking, Stephen, _d1942-2018 _ecoaut. |
|
| 905 | _aInfantil | ||
| 999 |
_c189210 _d189210 |
||